Dictionary of basic biblical Hebrew / (Record no. 29634)
[ view plain ]
| 000 -LEADER | |
|---|---|
| fixed length control field | 00840nam a2200205 4500 |
| 008 - FIXED-LENGTH DATA ELEMENTS--GENERAL INFORMATION | |
| fixed length control field | 070716s2002 is f d 000 0 eng d |
| 020 ## - INTERNATIONAL STANDARD BOOK NUMBER | |
| International Standard Book Number | 9652204986 :USD18.00 |
| 090 ## - LOCALLY ASSIGNED LC-TYPE CALL NUMBER (OCLC); LOCAL CALL NUMBER (OCLC) | |
| Classification number (OCLC) (R) ; Classification number, CALL (RLIN) (NR) | PJ4833 |
| Local cutter number (OCLC) ; Book number/undivided call number, CALL (RLIN) | K14 |
| -- | 2002 |
| 100 1# - MAIN ENTRY--PERSONAL NAME | |
| Personal name | Karni, Shlomo. |
| 245 10 - TITLE STATEMENT | |
| Title | Dictionary of basic biblical Hebrew / |
| Statement of responsibility, etc | Shlomo Karni. |
| 260 ## - PUBLICATION, DISTRIBUTION, ETC. (IMPRINT) | |
| Place of publication, distribution, etc | Jerusalem : |
| Name of publisher, distributor, etc | Carta, |
| Date of publication, distribution, etc | c2002. |
| 300 ## - PHYSICAL DESCRIPTION | |
| Extent | 190 p. ; |
| Dimensions | 24 cm. |
| 500 ## - GENERAL NOTE | |
| General note | "Hebrew-English"--Cover subtitle. |
| 500 ## - GENERAL NOTE | |
| General note | "This dictionary is intended for English speakers with a basic knowledge of Hebrew and a keen desire to read the Bible in its original language"--Foreword. |
| 546 ## - LANGUAGE NOTE | |
| Language note | English and Hebrew. |
| 630 04 - SUBJECT ADDED ENTRY--UNIFORM TITLE | |
| Uniform title | Bible. |
| Name of part/section of a work | O.T. |
| General subdivision | Language, style |
| Form subdivision | Dictionaries. |
| 650 #4 - SUBJECT ADDED ENTRY--TOPICAL TERM | |
| Topical term or geographic name as entry element | Hebrew language |
| Form subdivision | Dictionaries |
| General subdivision | English. |
| 951 ## - EQUIVALENCE OR CROSS-REFERENCE-GEOGRAPHIC NAME/AREA NAME [OBSOLETE] [CAN/MARC only] | |
| General subdivision | 00035156 |
| 951 ## - EQUIVALENCE OR CROSS-REFERENCE-GEOGRAPHIC NAME/AREA NAME [OBSOLETE] [CAN/MARC only] | |
| -- | 30903 |
| -- | REFPJ4833/K14/2002 |
| -- | 070716170449671 |
| -- | 2000-12-21 |
| -- | REF |
| Withdrawn status | Lost status | Damaged status | Not for loan | Home library | Current library | Shelving location | Date acquired | Accession number | Shelving control number | Total Checkouts | Full call number | Barcode | Date last seen | Price effective from | Koha item type |
|---|---|---|---|---|---|---|---|---|---|---|---|---|---|---|---|
| BSOP Library | BSOP Library | Reference | 12/21/2000 | 30903 | 127 | REFPJ4833/K14/2002 | 00035156 | 02/23/2013 | 02/23/2013 | Books |
